| 000 | 00358 a2200169 4500 | ||
|---|---|---|---|
| 001 | 186584 | ||
| 020 | _a85-209-0465-3 | ||
| 040 | _cMagnum | ||
| 100 | _aCunha, Leo | ||
| 240 | 1 | 0 |
_aO sabiĆ” e a girafa _lpor |
| 245 | 1 | 0 | _aO sabiĆ” e a girafa |
| 300 | _a26 | ||
| 362 | 0 | _a1993 | |
| 440 | 1 | _aNova Fronteira | |
| 697 | _aLITERATURA INFANTO | ||
| 942 | _cBK | ||
| 999 |
_c186584 _d186584 |
||